书目信息 |
| 题名: |
球类竞技运动的价值研究
|
|
| 作者: | 钟永锋 著 | |
| 分册: | ||
| 出版信息: | 北京 九州出版社 2021.08 |
|
| 页数: | 178页 | |
| 开本: | 24cm | |
| 丛书名: | ||
| 单 册: | ||
| 中图分类: | G84 | |
| 科图分类: | ||
| 主题词: | 球类运动--竞技体育--研究 | |
| 电子资源: | ||
| ISBN: | 978-7-5225-0388-2 | |
| 000 | 01359nam0 2200265 450 | |
| 001 | 012001002894 | |
| 005 | 20140203104954.0 | |
| 010 | @a978-7-5225-0388-2@dCNY59.00 | |
| 100 | @a20220905d2021 em y0chiy50 ea | |
| 101 | 0 | @achi |
| 102 | @aCN@b110000 | |
| 105 | @ay az 000yy | |
| 106 | @ar | |
| 200 | 1 | @a球类竞技运动的价值研究@Aqiu lei jing ji yun dong de jia zhi yan jiu@f钟永锋著 |
| 210 | @a北京@c九州出版社@d2021.08 | |
| 215 | @a178页@d24cm | |
| 300 | @a湖南省普通高等学校教学改革研究资助项目 (HNJG-2020-0994) | |
| 314 | @a钟永锋,出生于1983年5月,湖南益阳人,博士,讲师,长沙学院体育学院教工第一支部书记、科研秘书。 | |
| 320 | @a有书目 (第173-178页) | |
| 330 | @a本书属于体育研究类方面的著作,内容包括竞技运动与球类竞技运动、足球运动及其价值、篮球运动及其价值、网球运动及其价值、羽毛球运动及其价值、价值深化:球类竞技运动文化建设实现路径、价值延伸:球类运动影响下的新时代社会体育。本书以竞技运动中的球类运动为主要研究对象,在从宏观层面对竞技运动进行了阐述之后,分别对篮球运动的价值、足球运动的价值、乒乓球运动的价值展开了系统的论述。篮球、足球、乒乓球在众多的球类运动中颇受大众的喜爱和关注,通过研究这几种球类运动的价值,可以由点及面的调动大众对于体育运动的关注和重视。 | |
| 606 | 0 | @a球类运动@x竞技体育@x研究 |
| 690 | @aG84@v5 | |
| 701 | 0 | @a钟永锋@Azhong yong feng@f(1983-)@4著 |
| 801 | 0 | @aCN@bAHXH@c20221111 |
| 905 | @b1375355-9@dG84@e2051@f5 | |
| 球类竞技运动的价值研究/钟永锋著.-北京:九州出版社,2021.08 |
| 178页;24cm |
| 湖南省普通高等学校教学改革研究资助项目 (HNJG-2020-0994) |
| ISBN 978-7-5225-0388-2:CNY59.00 |
| 本书属于体育研究类方面的著作,内容包括竞技运动与球类竞技运动、足球运动及其价值、篮球运动及其价值、网球运动及其价值、羽毛球运动及其价值、价值深化:球类竞技运动文化建设实现路径、价值延伸:球类运动影响下的新时代社会体育。本书以竞技运动中的球类运动为主要研究对象,在从宏观层面对竞技运动进行了阐述之后,分别对篮球运动的价值、足球运动的价值、乒乓球运动的价值展开了系统的论述。篮球、足球、乒乓球在众多的球类运动中颇受大众的喜爱和关注,通过研究这几种球类运动的价值,可以由点及面的调动大众对于体育运动的关注和重视。 |
| ● |
| 相关链接 |
|
|
|
|
正题名:球类竞技运动的价值研究
索取号:G84/2051
 
预约/预借
| 序号 | 登录号 | 条形码 | 馆藏地/架位号 | 状态 | 备注 |
| 1 | 1375355 | 213753552 | 第一样本阅览室/ [索取号:G84/2051] | 在馆 | |
| 2 | 1375356 | 213753561 | 教育系资料室/ [索取号:G84/2051] | 在馆 | |
| 3 | 1375357 | 213753570 | 教育系资料室/ [索取号:G84/2051] | 在馆 | |
| 4 | 1375358 | 213753589 | 第四借阅区/ [索取号:G84/2051] | 在馆 | |
| 5 | 1375359 | 213753598 | 第四借阅区/ [索取号:G84/2051] | 在馆 | |
| 6 | 1380671 | 213806719 | 第四借阅区/ [索取号:G84/2051] | 在馆 | |
| 7 | 1380672 | 213806728 | 第四借阅区/ [索取号:G84/2051] | 在馆 | |
| 8 | 1380673 | 213806737 | 第四借阅区/ [索取号:G84/2051] | 在馆 | |
| 9 | 1380674 | 213806746 | 第四借阅区/ [索取号:G84/2051] | 在馆 |